000 00628nam a2200229Ia 4500
005 20241216010048.0
008 180423s9999||||xx |||||||||||||| ||und||
020 _a968-24-3131-X
082 _a370.153
_bC28
100 _aCASALTA, HENRY
245 0 _aANALISIS DEL COMPORTAMIENTO Y ALFABETIZACION
250 _a0
260 _aMEXICO
_bTRILLAS
_c1990
300 _a213 pag.
_c23 cm
341 _h62.65
490 _v0
_a0
505 _aENSEÑANZA-ANALFABETISMO/PROGRAMAS-ALFABETIZACION
541 _aC
_bLIBRERIA SAN CRISTOBAL
_d21-Nov-95
_odólar
650 _aCIENCIAS SOCIALES
856 _zHumanidades
942 _cLIBRO
999 _c4538
_d4538